=LDR 00000nam 2200000 4500 =001 INLIS000000000020273 =005 20130612115235 =008 ***********************************Ind** =035 ##$$0010-061300000020273 =041 ##$$a Ind =082 ##$$a 928 =090 ##$$a 928, Rah u =100 ##$$a Rahmanto, B =245 ##$$a Umar kayam, karya dan dunianya, oleh B. Rahmanto =260 ##$$a 2004 $b Jakarta =300 ##$$a x, 179 hlm, 21 cm =650 ##$$a Umar Kayam-Biografi =850 ##$$a NBPNMAT